000 00650nam a2200241Ia 4500
008 160901s9999 xx 000 0 und d
020 _a978-981-4319-48-5
050 _aComSc QA 76.73
050 _b.B3S54 2011
100 _aShelly, Gary B.
245 _aMicrosoft Visual Basic 2008 :
245 _bcomprehensive /
245 _cGary B. Shelly, Corinne Hoisington.
260 _aSingapore :
260 _bCengage Learning Asia Pte Ltd.,
260 _c2011
300 _a1029 pages :
300 _bill. ;
300 _c23 cm.
500 _aIncludes index.
650 _aVisual Basic.
650 _xBASIC (Computer program language).
999 _c300843
_d300843